=LDR 00000nam 2200000 4500 =001 INLIS000000000048154 =005 20160621152855.0 =006 =007 =008 =020 ##$$a 979-553-165-4 =035 ##$$0010-061600000000010 =040 ##$$a ind =082 ##$$a 813.085 =090 ##$$a 813.085 $b Siy =100 ##$$a Siyaranamual =245 ##$$a Saat Untuk Menaruh Dendam =250 ##$$a - =260 ##$$a Jakarta $b Grasindo $c 1992 =300 ##$$a 144 hlm $b 21 cm =850 ##$$a NBPDMAT =990 ##$$a 0001/BPAP-NTB/2016